The mysteries of Udolpho : (Record no. 3720)
[ view plain ]
| 000 -LEADER | |
|---|---|
| fixed length control field | 01285cam a2200253 a 4500 |
| 008 - FIXED-LENGTH DATA ELEMENTS--GENERAL INFORMATION | |
| fixed length control field | 011108r20011794enk b 000 1 eng |
| 020 ## - INTERNATIONAL STANDARD BOOK NUMBER | |
| ISBN | 0140437592 |
| 100 1# - MAIN ENTRY--AUTHOR | |
| Author | Radcliffe, Ann Ward, |
| 245 14 - TITLE STATEMENT | |
| Title | The mysteries of Udolpho : |
| Remainder of title | a romance / |
| Statement of responsibility, etc | Ann Radcliffe ; edited with an introduction and notes by Jacqueline Howard. |
| 260 ## - PUBLICATION, DISTRIBUTION, ETC. (IMPRINT) | |
| Place of publication | London ; |
| -- | New York : |
| Name of publisher | Penguin Books, |
| Date of publication | 2001. |
| 300 ## - COLLATION | |
| Pagination | xxxix, 653 p. ; |
| 440 #0 - SERIES STATEMENT/ADDED ENTRY--TITLE | |
| Series Title | Penguin classics |
| 650 #0 - TRACINGS | |
| Main Subject | Inheritance and succession |
| Subdivision (1st) | Fiction. |
| 650 #0 - TRACINGS | |
| Main Subject | Guardian and ward |
| Subdivision (1st) | Fiction. |
| 650 #0 - TRACINGS | |
| Main Subject | Young women |
| Subdivision (1st) | Fiction. |
| 650 #0 - TRACINGS | |
| Main Subject | Orphans |
| Subdivision (1st) | Fiction. |
| 650 #0 - TRACINGS | |
| Main Subject | Castles |
| Subdivision (1st) | Fiction. |
| 700 1# - ADDITIONAL AUTHOR | |
| Additional Author | Howard, Jacqueline. |
| 856 42 - ELECTRONIC LOCATION AND ACCESS | |
| URL | http://www.loc.gov/catdir/enhancements/fy1203/2001277143-b.html |
| 856 42 - ELECTRONIC LOCATION AND ACCESS | |
| URL | http://www.loc.gov/catdir/enhancements/fy1203/2001277143-d.html |
| 942 ## - ADDED ENTRY ELEMENTS (KOHA) | |
| Item type | Books |
| 050 00 - LIBRARY OF CONGRESS CALL NUMBER | |
| Classification number | PZ1B77 |
| Item number | .M97 2001 .m 2001 |
| 082 00 - DEWEY DECIMAL CLASSIFICATION NUMBER | |
| Classification number | 823/.6 |
| Source of classification or shelving scheme | Not for loan | Permanent location | Current location | Date acquired | Accession No. | Full call number | Barcode. | Koha item type |
|---|---|---|---|---|---|---|---|---|
| Library of Congress Classification | Samuel Ogbemudia Main Library, University of Abuja | Samuel Ogbemudia Main Library, University of Abuja | 05/29/2025 | 2024/64262 | PZ1B77.M97 | 2025-2280 | Books |